A három bécsi klasszikus egyházi zenéje

Bibliographic Details
Main Author: Süll, Kinga (Author)
Format: Article
Language:Hungarian
ISSN:1335-7298
Subjects:

MARC

LEADER 00000nab a2200000 ar4500
001 vtls009003392
003 SK-MaSNL
005 20260318124825.0
008 060727c2006 xo |||||||| 000 b|hun
015 |a SNBRB2006/07  |2 snkbucl 
038 |a SNKBUCL 
040 |a DSZK  |b slo  |c DSZK  |e AACR2 
041 0 |a hun 
044 |a xo  |c SK 
080 |a 783  |x "17/18"  |2 1997 
100 1 |a Süll, Kinga  |4 aut  |9 303339 
245 1 0 |a A három bécsi klasszikus egyházi zenéje  |c Süll Kinga 
648 7 |a 18.-19. stor.  |2 snkbucl  |9 299191 
650 0 7 |a dejiny hudby  |2 snkbucl  |9 3387 
650 0 7 |a cirkevná hudba  |2 snkbucl  |9 1748 
773 0 |t Kálvinista szemle  |g Évf. LXXVII, sz. 11 (2006), o. 6  |x 1335-7298 
852 |a SNK  |b KIS3GCP 
852 |a DSZK  |b KIS3GCP 
958 |a HU 
958 |a NT 
999 |c 2575700  |d 2577630